000 00585nam a2200181Ia 4500
005 20250508160021.0
008 008 250505s9999 xx 000 0 eng d
037 _aBooks to be hide in OPAC
040 _aFEDL
_beng
_cFEDL
041 _aeng
_2eng
084 _a371.709 42, GRE/O
_qFEDL
245 0 _aAnnual report for 1913 of the chief medical officer of the board of education
245 0 _cBoard Of Education
260 _aLondon, UK
_bEyre and Sopttiswoode Ltd.
_c1914
300 _aviii,366p.
942 _cHB
_h371.709 42, GRE/O
999 _c1361061
_d1361061